Allgemeinwissen nach Buchstabe - G - Statistiken

Allgemein
  • Dieses Quiz wurde 136 mal gespielt
  • Das Durchschnittsergebnis liegt bei 13 aus 16
Antwortstatistiken
Hint Antwort % Korrekt
Schnellstes Landtier Gepard
97%
Englischer Name für Deutschland Germany
97%
Größte Insel der Welt Grönland
95%
3. Buchstabe des griechischen Alphabets Gamma
94%
Redewendung: Wer anderen eine _____ _____, fällt selbst hinein Grube gräbt
94%
Erfand den Buchdruck (Nachname) Johannes Gutenberg
92%
Staat mit der Hauptstadt Tiflis Georgien
89%
Ägyptische Stadt, bekannt für ihre Pyramiden Gizeh
89%
Nationalgericht Ungarns Gulasch
88%
Italienischer Physiker und Astronom, bekannt für seine Weiterentwicklungdes Teleskops und die Verfechtung des heliozentrischen Weltbildes Galileo Galilei
83%
Heiliger Fluss im Hinduismus Ganges
81%
deutscher Schriftsteller der Weimarer Klassik, schrieb u.a. "Die Leiden des jungen Werther" (Nachname) Johann Wolfgang von Goethe
77%
Gilt als Wiege der Demokratie Griechenland
75%
Enthauptungsmaschine, kam v.a. während der Französischen Revolution zum Einsatz Guillotine
70%
Aktuelles Amt von Nina Warken Gesundheitsministerin
49%
Zahl mit 100 Nullen, Inspiration für den Namen einer US-amerikanischen Suchmaschine Googol
37%
Keine übereinstimmenden Quizze gefunden
Verteilung der Resultate
Anzahl Personen mit jedem Resultat
Perzentil nach korrekt beantworteten Fragen
Ihre Resultats-Entwicklung
Sie haben dieses Quiz noch nicht gespielt